000 00486nam a2200181Ia 4500
005 20250508161616.0
008 008 250505s9999 xx 000 0 hin d
037 _aTextual
040 _aFEDL
_beng
_cFEDL
041 _ahin
_2hin
084 _aFH, VAR
_qFEDL
100 _aVarma Ramesh
245 0 _aItihas ke anchal se: No etihanik ekanki
260 _aAllahabad, India
_bKitab Mahal
_c1956
300 _a128p
942 _cTEXL
_hFH, VAR
999 _c1371102
_d1371102